General Knowledge A-Z #2 - Statistics

General Stats
  • This quiz has been taken 54 times
  • The average score is 17 of 26
Answer Stats
Hint Answer % Correct
O US president from 2009-2017 Obama
100%
N Longest river in the world Nile
98%
I Most populated country as of 2024 India
95%
Q Name for a female monarch Queen
95%
W One of the four cardinal directions West
93%
B McDonald's signature burger Big Mac
91%
J Popular Christmas carol Jingle Bells
91%
U The ____ duckling Ugly
91%
C Roman dictator who was assassinated Caesar
89%
P The process used by plants to convert sunlight into energy Photosynthesis
89%
R Most famous Portuguese footballer Ronaldo
86%
H Greek god of the underworld Hades
82%
F One of the four classical elements Fire
80%
S Eighteenth letter of the Greek alphabet Sigma
70%
Z This country had a one trillion dollar note Zimbabwe
70%
K Spongebob's workplace Krusty Krab
68%
X Chemical element 54 Xenon
68%
A The deity "Quetzalcoatl" is part of which myth? Aztec
59%
D Opposite of recessive Dominant
55%
M Most densely populated country in the world Monaco
52%
E Minecraft mob that can teleport through dimensions Enderman
41%
G 2021 song by Olivia Rodrigo Good 4 u
32%
T Ancient sailing vessel used in Mediterranean regions Trireme
11%
Y Tree that connects the nine realms in Norse myth Yggdrasil
11%
V Omni man comes from this fictional empire Viltrum
9%
L Media production company which makes Godzilla movies Legendary
0%
No matching quizzes found
Score Distribution
Percent of People with Each Score
Percentile by Number Answered
Your Score History
You have not taken this quiz